| 000 | 00000nam##2200000za#4500 |
| 001 | 9.589957 |
| 003 | CaOODSP |
| 005 | 20210624195909 |
| 007 | cr ||||||||||| |
| 008 | 150406|2008||||xxc|||||o f|0| 0 eng|d |
| 022 | |a1488-5379 |
| 040 | |aCaOODSP|beng |
| 041 | |aeng |
| 041 | |afre |
| 043 | |an-cn--- |
| 086 | 1 |aFs97-6/2793-PDF |
| 110 | 1 |aCanada. |bDepartment of Fisheries and Oceans. |
| 245 | 10|aProceedings of the 34th annual aquatic toxicity workshop : |h[electronic resource]|bSeptember 30 to October 3, 2007, Halifax, Nova Scotia / |ceditors, K.A. Kidd ... [et al.] |
| 260 | |aSt. Andrews - New Brunswick : |bFisheries and Oceans Canada |c2008. |
| 300 | |a293p.|bfigs., references, tables |
| 490 | 1 |aCanadian technical report of fisheries and aquatic sciences|x1488-5379|vNo. 2793 |
| 500 | |aIssued by Biological Station, St. Andrews, New Brunswick. The catalogue number and ISSN for the print edition appear in the PDF version. |
| 546 | |aIntroductory text in English and French. Articles in their original languages. |
| 590 | |a14-06-Supp|b2014-03-21 |
| 690 | 07|aAquatic ecosystems|2gcpds |
| 690 | 07|aToxicology|2gcpds |
| 690 | 07|aWater pollution|2gcpds |
| 720 | 1 |aKidd, K. A. |
| 776 | 0#|tCompes rendus du 34ième atelier annuel sur la toxicité aquatique : |w(CaOODSP)9.546159 |
| 792 | |tCompes rendus du 34ième atelier annuel sur la toxicité aquatique : |efre|w(CaOODSP)9.589958 |
| 830 | #0|aCanadian technical report of fisheries and aquatic sciences,|x1488-5379|vNo. 2793|w(CaOODSP)9.500269 |
| 856 | 40|ahttp://publications.gc.ca|qPDF|s4230 KB|uhttps://publications.gc.ca/collections/collection_2014/mpo-dfo/Fs97-6-2793.pdf|yNo. 2793 |